[Event "Hannover-chA"]
[Site "Lehrte"]
[Date "2014.10.26"]
[Round "3"]
[White "Baum, Nils Alexander"]
[Black "Hayen, Gerhard"]
[Result "0-1"]
[WhiteElo "978"]
[BlackElo "1339"]
[PlyCount "42"]
[EventDate "2014.10.25"]
[EventType "swiss"]
[EventRounds "7"]
[EventCountry "GER"]
[SourceTitle "EXT 2021"]
[Source "ChessBase"]
[SourceDate "2020.10.23"]
[SourceVersion "1"]
[SourceVersionDate "2020.10.23"]
[SourceQuality "1"]

1. d4 Nf6 2. c4 g6 3. Bg5 Bg7 4. Qc1 h6 5. Bf4 Nh5 6. Nf3 d6 7. Bd2 Bg4 8. Nc3 Bxf3 9. gxf3 g5 10. d5 Nd7 11. Rg1 Ne5 12. b3 Qd7 13. f4 gxf4 14. Bxf4 e6 15. Bh3 Qe7 16. Be3 Qh4 17. Nb5 Kd7 18. Bg2 Qxh2 19. Kf1 Ng4 20. Rh1 Nxe3+ 21. fxe3 Ng3+ 0-1

[Event "Hannover-chA"]
[Site "Lehrte"]
[Date "2014.10.25"]
[Round "1"]
[White "Rust Bulmahn, Kornelia"]
[Black "Hayen, Gerhard"]
[Result "1-0"]
[WhiteElo "910"]
[BlackElo "1339"]
[PlyCount "131"]
[EventDate "2014.10.25"]
[EventType "swiss"]
[EventRounds "7"]
[EventCountry "GER"]
[SourceTitle "EXT 2021"]
[Source "ChessBase"]
[SourceDate "2020.10.23"]
[SourceVersion "1"]
[SourceVersionDate "2020.10.23"]
[SourceQuality "1"]

1. e4 c6 2. Nf3 d5 3. exd5 cxd5 4. d4 Nf6 5. Nc3 a6 6. a3 Nc6 7. Be2 g6 8. 0-0 Bg7 9. Be3 Qb6 10. Rb1 Ng4 11. h3 Nxe3 12. fxe3 e6 13. Na4 Qd8 14. Nc5 0-0 15. b4 Bh6 16. Qd3 b5 17. Nb3 Qc7 18. Nh2 e5 19. Ng4 Bg7 20. Nf6+ Bxf6 21. Rxf6 Kg7 22. Rbf1 e4 23. Qc3 Ra7 24. Rxc6 Qd7 25. Bg4 f5 26. Be2 Qb7 27. Na5 Qa8 28. Qc5 Bd7 29. Rc7 Rxc7 30. Qxc7 Rf7 31. Qe5+ Kg8 32. Nb3 Qf8 33. Qxd5 Qe7 34. Nc5 Bc8 35. c4 Bb7 36. Nxb7 Qxb7 37. Qe5 Re7 38. Qc5 Rc7 39. Qe5 Re7 40. Qf4 Kg7 41. c5 Qd5 42. Bd1 Qa2 43. Qd6 Re6 44. Qc7+ Kf6 45. Qxh7 Qxa3 46. Qh4+ Kg7 47. Qg3 Rf6 48. Qc7+ Rf7 49. Qe5+ Rf6 50. c6 Qxe3+ 51. Kh2 Qc3 52. c7 Qc4 53. Qe7+ Rf7 54. Qe5+ Kh7 55. Rf2 Rxc7 56. Rc2 Qxc2 57. Bxc2 Rxc2 58. Qe7+ Kh6 59. Qh4+ Kg7 60. d5 Rd2 61. d6 Rd4 62. Qe7+ Kh6 63. d7 f4 64. d8Q Rxd8 65. Qxd8 e3 66. Qh4+ 1-0